| 000 | 00599nam a2200181 i 4500 | ||
|---|---|---|---|
| 001 | 171726 | ||
| 003 | ES-MaACL | ||
| 005 | 20250812014146.0 | ||
| 008 | 090527s1948 sp a |||| | spa d | ||
| 100 | 1 |
_aSoler Mari, Salvador. _9140365 |
|
| 245 | 1 | 0 |
_aPráctica y teoría del arte escénico / _cSalvador Soler Mari ; prólogo de Jacinto Benavente. |
| 260 |
_aMadrid : _bPurcalla, _c1948. |
||
| 300 |
_a138 p. : _bil. ; _c22 cm. |
||
| 650 | 0 | 7 |
_aArte dramático _2embne _910180 |
| 700 | 1 |
_aBenavente, Jacinto, _d1866-1954 _927443 |
|
| 852 |
_aES-MaACL _jB-12742 |
||
| 999 |
_c171726 _d171726 |
||